Kadra Ukrainy Na Euro 2020 - Statystyki

Ogólne statystyki
  • Ten quiz został rozwiązany 26 razy
  • Średni wynik to 8 z 26
Statystyki odpowiedzi
Hint Odpowiedź % Poprawnych
Napastnik Jarmołenko
87%
Obrońca Zinczenko
87%
Napastnik Jaremczuk
70%
Pomocnik Malinowski
57%
Obrońca Mykołenko
52%
Bramkarz Buszczan
48%
Bramkarz Piatow
48%
Pomocnik Stepanenko
48%
Napastnik Dowbyk
43%
Pomocnik Szaparenko
35%
Pomocnik Sydorczuk
30%
Obrońca Karawajew
26%
Obrońca Zabarny
26%
Pomocnik Marlos
22%
Obrońca Matwijenko
22%
Bramkarz Trubin
17%
Napastnik Biesiedin
13%
Pomocnik Cyhankow
9%
Obrońca Krywcow
9%
Obrońca Popow
9%
Napastnik Zubkow
9%
Pomocnik Bezus
4%
Pomocnik Makarenko
4%
Obrońca Sobol
4%
Pomocnik Sudakow
0%
Obrońca Tymczak
0%
Nie znaleziono quizów pasujących do podanych kryteriów
Rozkład punktacji
Procent ludzi z każdym wynikiem
Percentyl według liczby udzielonych odpowiedzi
Twoja historia wyników
Nie rozwiązałeś tego quizu